| 000 | 01084nam a2200277 i 4500 | ||
|---|---|---|---|
| 001 | 106549 | ||
| 003 | ES-MaACL | ||
| 005 | 20250811101605.0 | ||
| 007 | t| | ||
| 008 | 061129s1977 sp ||||1| spa d | ||
| 080 | _a75 Alvear, Gerardo de (083.82) | ||
| 100 | 1 |
_aAlvear, Gerardo de. _921023 |
|
| 245 | 1 | 0 |
_aGerardo de Alvear _b: [exposición, Sala de Santa Catalina del Ateneo de Madrid, mayo de 1977] / _c[texto: A. M. Campoy]. |
| 260 |
_aMadrid : _bAteneo de Madrid, _c1977. |
||
| 300 |
_a[12] p. : _bil. ; _c25 cm. |
||
| 490 | 1 |
_aAteneo de Madrid. Sala de Santa Catalina ; _v21 |
|
| 600 | 1 | 4 |
_aAlvear, Gerardo de- _vExposiciones. _921024 |
| 610 | 2 | 7 |
_aAteneo de Madrid- _vExposiciones- _y1970-1979. _91921 |
| 655 | 7 |
_2tgfbne _9193628 _aCatálogos de exposiciones |
|
| 700 | 1 |
_aCampoy, A. M., _d1924-1993 _934292 |
|
| 710 | 2 |
_aAteneo de Madrid. _bSala de Santa Catalina. _91964 |
|
| 830 | 0 | 0 |
_aAteneo de Madrid. _pSala de Santa Catalina _v21 _9185232 |
| 852 |
_aES-MaACL _j2209-F-41 _9110600 _bR.138288 _cDEPOF |
||
| 942 |
_2udc _cFOLLETOS |
||
| 999 |
_c106549 _d106549 |
||